[Event "FRA-chT1A 0809"]
[Site "France"]
[Date "2009.03.15"]
[Round "9.6"]
[White "Silva, Francis"]
[Black "L'Huillier, Thibaud"]
[Result "0-1"]
[WhiteElo "2032"]
[BlackElo "2153"]
[PlyCount "82"]
[EventDate "2008.10.19"]
[EventType "team-tourn"]
[EventRounds "11"]
[EventCountry "FRA"]
[SourceTitle "EXT 2010"]
[Source "ChessBase"]
[SourceDate "2010.11.25"]
[SourceVersion "1"]
[SourceVersionDate "2010.11.25"]
[SourceQuality "1"]
[WhiteTeam "Noisy le Grand"]
[BlackTeam "Creteil"]
[WhiteTeamCountry "FRA"]
[BlackTeamCountry "FRA"]

1. d4 d5 2. c4 e6 3. Nc3 Nf6 4. Nf3 c6 5. e3 Nbd7 6. Qc2 Be7 7. g4 h6 8. Rg1 dxc4 9. Bxc4 Nd5 10. e4 Nb4 11. Qe2 Nb6 12. Bb3 c5 13. a3 cxd4 14. axb4 dxc3 15. bxc3 Qc7 16. Bd2 Bd7 17. c4 0-0 18. c5 Nc8 19. Bc3 b6 20. Qb2 Qf4 21. Qe2 Bb5 22. Qxb5 Qxf3 23. Qc4 b5 24. Qd4 Bf6 25. e5 Bh4 26. Kf1 Bxf2 27. Qxf2 Qxc3 28. Rb1 Rd8 29. Rg3 Qxe5 30. Re1 Qg5 31. Rf3 Qxg4 32. Rg3 Qd4 33. Qg2 Ne7 34. Re4 Qf6+ 35. Rf3 Nf5 36. Qa2 Qg5 37. Bxe6 Rd1+ 38. Ke2 Qg2+ 39. Kxd1 Qxf3+ 40. Re2 Rd8+ 41. Kc1 Qf1+ 0-1

[Event "FRA-chT1B 0708"]
[Site "France"]
[Date "2008.04.06"]
[Round "11.7"]
[White "Levacic, Melissa"]
[Black "L'Huillier, Thibaud"]
[Result "0-1"]
[WhiteElo "2009"]
[BlackElo "2148"]
[PlyCount "96"]
[EventDate "2007.10.21"]
[EventType "team"]
[EventRounds "11"]
[EventCountry "FRA"]
[SourceTitle "EXT 2009"]
[Source "ChessBase"]
[SourceDate "2008.11.26"]
[SourceVersion "1"]
[SourceVersionDate "2008.11.26"]
[SourceQuality "1"]
[WhiteTeam "Cannes II"]
[BlackTeam "Creteil"]
[WhiteTeamCountry "FRA"]
[BlackTeamCountry "FRA"]

1. e4 c6 2. d4 d5 3. e5 Bf5 4. Nf3 e6 5. a3 c5 6. c4 Nc6 7. Be3 cxd4 8. Nxd4 Nge7 9. Nxc6 Nxc6 10. cxd5 Qxd5 11. Qxd5 exd5 12. f4 0-0-0 13. Kd2 d4 14. Bf2 g5 15. Bd3 Bxd3 16. Kxd3 gxf4 17. Re1 Bg7 18. e6 Ne5+ 19. Ke4 fxe6 20. Rc1+ Nc6 21. Nd2 Kb8 22. Nf3 d3 23. Rab1 Rd5 24. Rd1 Rhd8 25. Rd2 Na5 26. Rbd1 Nc4 27. Rxd3 Bxb2 28. Rxd5 Rxd5 29. Rxd5 exd5+ 30. Kxd5 Ne3+ 31. Bxe3 fxe3 32. Ke4 Bc1 33. g4 b5 34. Kd3 e2 35. h4 Bxa3 36. g5 Be7 37. Kxe2 Kc7 38. Kd2 Kd6 39. Kc3 Kd5 40. Nd4 b4+ 41. Kd3 a5 42. Nf5 Bd8 43. Ne3+ Ke5 44. Ng4+ Kf5 45. Ne3+ Kg6 46. Kc4 Kh5 47. Nd5 Kxh4 48. Nf6 h6 0-1

[Event "FRA-chT U20 0405"]
[Site "Lyon"]
[Date "2004.12.19"]
[Round "6.2"]
[White "L'Huillier, Thibaud"]
[Black "Genzling, Alain"]
[Result "0-1"]
[WhiteElo "2142"]
[BlackElo "2112"]
[PlyCount "57"]
[EventDate "2004.11.??"]
[EventType "team"]
[EventRounds "7"]
[EventCountry "FRA"]
[SourceTitle "EXT 2006"]
[Source "ChessBase"]
[SourceDate "2005.11.24"]
[SourceVersion "1"]
[SourceVersionDate "2005.11.24"]
[SourceQuality "1"]
[WhiteTeam "Creteil"]
[BlackTeam "Bischwiller"]
[WhiteTeamCountry "FRA"]
[BlackTeamCountry "FRA"]

1. Nf3 d5 2. d4 e6 3. c4 dxc4 4. e3 Nf6 5. Bxc4 c5 6. 0-0 a6 7. Bb3 b5 8. a4 b4 9. Nbd2 Bb7 10. e4 Be7 11. e5 Nfd7 12. Nc4 Nb6 13. Nxb6 Qxb6 14. a5 Qd8 15. Ba4+ Nc6 16. dxc5 0-0 17. Bxc6 Bxc6 18. Be3 Qc7 19. Qd4 Rad8 20. Qxb4 Bxf3 21. gxf3 Qxe5 22. Rac1 h5 23. Bf4 Qf6 24. Qe4 Rd4 25. Qe5 Rxf4 26. Qxf6 Bxf6 27. c6 Rc8 28. Rc5 Rf5 29. Rfc1 0-1

[Event "FRA-chT U20 0405"]
[Site "Lyon"]
[Date "2004.12.18"]
[Round "4.2"]
[White "L'Huillier, Thibaud"]
[Black "Chretien, Corentin"]
[Result "1-0"]
[WhiteElo "2142"]
[BlackElo "1920"]
[PlyCount "72"]
[EventDate "2004.11.??"]
[EventType "team"]
[EventRounds "7"]
[EventCountry "FRA"]
[SourceTitle "EXT 2006"]
[Source "ChessBase"]
[SourceDate "2005.11.24"]
[SourceVersion "1"]
[SourceVersionDate "2005.11.24"]
[SourceQuality "1"]
[WhiteTeam "Creteil"]
[BlackTeam "Nancy"]
[WhiteTeamCountry "FRA"]
[BlackTeamCountry "FRA"]

1. d4 Nf6 2. c4 e6 3. Nf3 b6 4. g3 Bb7 5. Bg2 Bb4+ 6. Bd2 c5 7. Bxb4 cxb4 8. d5 exd5 9. Nh4 Qc7 10. cxd5 Qe5 11. Qb3 a5 12. f4 Qd6 13. Qe3+ Kd8 14. Nf5 Qc5 15. Qxc5 bxc5 16. e4 Ra6 17. Nd2 g6 18. Ne3 Re8 19. 0-0-0 d6 20. Rhe1 Nbd7 21. g4 Kc7 22. h3 a4 23. Nec4 Raa8 24. Nxd6 Kxd6 25. e5+ Kc7 26. exf6 Nxf6 27. d6+ Kb6 28. Nc4+ Ka7 29. Bxb7 Kxb7 30. Ne5 a3 31. b3 Rad8 32. Nxf7 Rd7 33. Ne5 Rdd8 34. g5 Nh5 35. Nf7 Ra8 36. Rxe8 Rxe8 1-0

[Event "FRA-chT U20 0405"]
[Site "France"]
[Date "2004.11.21"]
[Round "3.2"]
[White "Esposito, Mathieu"]
[Black "L'Huillier, Thibaud"]
[Result "0-1"]
[WhiteElo "1980"]
[BlackElo "2142"]
[PlyCount "120"]
[EventDate "2004.11.20"]
[EventType "team"]
[EventRounds "11"]
[EventCountry "FRA"]
[SourceTitle "CBM 103 Extra"]
[Source "ChessBase"]
[SourceDate "2005.01.01"]
[SourceVersion "1"]
[SourceVersionDate "2005.01.01"]
[SourceQuality "1"]

1. e4 c6 2. d4 d5 3. Nd2 dxe4 4. Nxe4 Bf5 5. Ng3 Bg6 6. h4 h6 7. Nf3 Nd7 8. Bd3 Bxd3 9. Qxd3 Ngf6 10. Bd2 Qc7 11. 0-0-0 e6 12. Rhe1 Bd6 13. Nf5 0-0-0 14. Nxd6+ Qxd6 15. g3 Qe7 16. Qe2 Rhe8 17. Ba5 Nb6 18. c4 c5 19. Qc2 Kb8 20. b4 cxb4 21. c5 Rc8 22. Bxb4 Nbd5 23. Ba3 Qc7 24. Ne5 Qa5 25. Nc4 Qa6 26. Qb3 Red8 27. Kb1 Ka8 28. Ka1 Ne8 29. Rd3 b5 30. Ne5 f6 31. Nf3 Rc6 32. Bc1 Nec7 33. Nd2 Qa5 34. Nf3 Ra6 35. Bd2 b4 36. Rb1 Rb8 37. Ne1 Qb5 38. Nc2 Ra4 39. Rb2 Qa6 40. Kb1 Rb5 41. Be1 Nc3+ 42. Bxc3 bxc3 43. Qxc3 Nd5 44. Qd2 Rxb2+ 45. Kxb2 Rxa2+ 46. Kc1 Qc4 47. Kd1 Rxc2 48. Qxc2 Qxc2+ 49. Kxc2 Nb4+ 50. Kc3 Nxd3 51. Kxd3 Kb7 52. Kc4 Kc6 53. h5 a5 54. f4 a4 55. Kb4 e5 56. fxe5 fxe5 57. dxe5 a3 58. Kxa3 Kxc5 59. Kb3 Kd5 60. e6 Kxe6 0-1

[Event "FRA-chT2 0405"]
[Site "France"]
[Date "2004.11.06"]
[Round "2.6"]
[White "L'Huillier, Thibaud"]
[Black "Goasdoue, Vincent M"]
[Result "0-1"]
[WhiteElo "2142"]
[BlackElo "2195"]
[PlyCount "58"]
[EventDate "2004.10.10"]
[EventType "team"]
[EventRounds "11"]
[EventCountry "FRA"]
[SourceTitle "EXT 2006"]
[Source "ChessBase"]
[SourceDate "2005.11.24"]
[SourceVersion "1"]
[SourceVersionDate "2005.11.24"]
[SourceQuality "1"]
[WhiteTeam "Creteil  II"]
[BlackTeam "Arras"]
[WhiteTeamCountry "FRA"]
[BlackTeamCountry "FRA"]

1. d4 Nf6 2. Nf3 g6 3. c4 Bg7 4. Nc3 0-0 5. e4 d6 6. Be2 e5 7. 0-0 Nc6 8. d5 Ne7 9. b4 a5 10. bxa5 c5 11. Bd2 Rxa5 12. Qc2 Ne8 13. Ne1 f5 14. f3 f4 15. Nd3 h5 16. Rab1 Nf6 17. Nf2 g5 18. h3 Rf7 19. Rb2 Bf8 20. Rfb1 Ra3 21. Bc1 Ng6 22. Na4 g4 23. Rb5 Rxa4 24. Qxa4 gxh3 25. Qa5 Qe8 26. Nxh3 Bxh3 27. gxh3 Nh4 28. Qe1 Rg7+ 29. Kf1 Rg1+ 0-1

[Event "FRA-chT U20 0304"]
[Site "France"]
[Date "2004.04.30"]
[Round "8"]
[White "L'Huillier, Thibaud"]
[Black "Canterini, Baptiste"]
[Result "1-0"]
[WhiteElo "2196"]
[BlackElo "1980"]
[PlyCount "79"]
[EventDate "2003.11.??"]
[EventType "team"]
[EventRounds "11"]
[EventCountry "FRA"]
[SourceTitle "EXT 2005"]
[Source "ChessBase"]
[SourceDate "2004.11.15"]
[SourceVersion "1"]
[SourceVersionDate "2004.11.15"]
[SourceQuality "1"]
[WhiteTeam "Creteil"]
[BlackTeam "Montpellier"]
[WhiteTeamCountry "FRA"]
[BlackTeamCountry "FRA"]

1. c4 c6 2. Nf3 d5 3. g3 Nf6 4. Bg2 Bg4 5. cxd5 cxd5 6. Nc3 Nc6 7. Qa4 Qd7 8. d3 h6 9. Bf4 e6 10. 0-0 Be7 11. e4 Bxf3 12. Bxf3 d4 13. Ne2 e5 14. Bd2 0-0 15. Bg2 Qg4 16. Rae1 g5 17. f4 gxf4 18. gxf4 Nd7 19. Rf3 Bh4 20. Ng3 Kh8 21. Ref1 Rg8 22. Qb3 Qe6 23. Nf5 Bf6 24. Rh3 Rg6 25. Qxe6 fxe6 26. Nxh6 Kg7 27. f5 exf5 28. exf5 Rg5 29. Bxg5 Bxg5 30. Ng4 Re8 31. Be4 Nc5 32. f6+ Kf7 33. Bd5+ Kg6 34. f7 Rf8 35. Bxc6 bxc6 36. Nxe5+ Kg7 37. Rg3 Kh6 38. Rf5 Be3+ 39. Kg2 Ne6 40. Rg6+ 1-0

[Event "France-ch U16"]
[Site "Reims"]
[Date "2004.04.24"]
[Round "8"]
[White "L'Huillier, Thibaud"]
[Black "Noally, Thibault"]
[Result "0-1"]
[WhiteElo "2206"]
[BlackElo "2063"]
[PlyCount "122"]
[EventDate "2004.04.??"]
[EventType "swiss"]
[EventRounds "9"]
[EventCountry "FRA"]
[SourceTitle "EXT 2005"]
[Source "ChessBase"]
[SourceDate "2004.11.15"]
[SourceVersion "1"]
[SourceVersionDate "2004.11.15"]
[SourceQuality "1"]

1. d4 d6 2. Nf3 Bg4 3. c4 Nd7 4. Nc3 g6 5. Bg5 Bg7 6. e4 Bxf3 7. gxf3 c5 8. d5 Bxc3+ 9. bxc3 Ngf6 10. Bh6 Qa5 11. Qb3 0-0-0 12. Bh3 Kb8 13. Ke2 Qa6 14. a4 Ne5 15. Qb5 Nxc4 16. Qxa6 bxa6 17. a5 Kc7 18. Ra4 Nb2 19. Ra2 Rb8 20. Rc1 Nc4 21. Rcc2 Rb1 22. Bc1 Rhb8 23. f4 R8b5 24. Kd3 Nxa5 25. c4 R5b3+ 26. Ke2 Rxh3 27. Rxa5 Nxe4 28. Be3 Kb6 29. Ra3 Rxh2 30. Rca2 a5 31. Kf3 Nf6 32. Rxa5 Kc7 33. Rxa7+ Rb7 34. Ra8 Kd7 35. Ra1 Ne8 36. Kg3 Rh5 37. Bd2 Nc7 38. R8a7 Kc8 39. R7a3 e6 40. dxe6 fxe6 41. Be3 Kd7 42. Rd1 Kc6 43. Ra5 Rb4 44. Rc1 Rf5 45. Bd2 Rb3+ 46. Be3 Rb4 47. Bd2 Rb3+ 48. Be3 Rf8 49. Rh1 Rh8 50. Rc1 Ra8 51. Rxa8 Nxa8 52. Kg4 Nb6 53. Kg5 Rb4 54. Kh6 Nxc4 55. Kxh7 Nxe3 56. fxe3 Re4 57. Ra1 Rxe3 58. Ra6+ Kd5 59. Kxg6 c4 60. Kf6 Kc5 61. Ke7 d5 0-1

[Event "France-ch U16"]
[Site "Reims"]
[Date "2004.04.22"]
[Round "6"]
[White "L'Huillier, Thibaud"]
[Black "Adam, Etienne"]
[Result "0-1"]
[WhiteElo "2206"]
[BlackElo "2027"]
[PlyCount "124"]
[EventDate "2004.04.??"]
[EventType "swiss"]
[EventRounds "9"]
[EventCountry "FRA"]
[SourceTitle "EXT 2005"]
[Source "ChessBase"]
[SourceDate "2004.11.15"]
[SourceVersion "1"]
[SourceVersionDate "2004.11.15"]
[SourceQuality "1"]

1. c3 d5 2. d4 Nf6 3. Nf3 e6 4. Bg5 Be7 5. Nbd2 Nbd7 6. Qc2 c5 7. e4 dxe4 8. Nxe4 Nxe4 9. Bxe7 Qxe7 10. Qxe4 0-0 11. Bd3 Nf6 12. Qh4 h6 13. 0-0 b6 14. Rfe1 Bb7 15. Be2 Rfd8 16. Rad1 Qc7 17. Qg3 Qe7 18. Qh4 Qc7 19. dxc5 Qxc5 20. Rxd8+ Rxd8 21. Nd4 Bd5 22. a3 Rd7 23. Bb5 Rd8 24. Re3 Bb7 25. Bd3 Qd5 26. Rg3 Kh8 27. Be2 Qa2 28. h3 Qxb2 29. Bh5 Rf8 30. Bf3 Bxf3 31. Rxf3 Qxa3 32. g4 Qc1+ 33. Kg2 Qg5 34. Qg3 Qd5 35. Qc7 Qd7 36. Qe5 Qd5 37. Qc7 Ne4 38. Qe7 Kg8 39. Qxa7 Ng5 40. Qxb6 e5 41. Qc6 Qxc6 42. Nxc6 Nxf3 43. Ne7+ Kh7 44. Kxf3 Rd8 45. Ke2 g6 46. c4 Rd4 47. c5 Kg7 48. f3 Rc4 49. c6 Kf8 50. Nd5 Rxc6 51. Ke3 Kg7 52. h4 Rc4 53. Nb6 Rd4 54. Na8 h5 55. g5 Rxh4 56. Nc7 Rc4 57. Ne8+ Kf8 58. Nf6 Rd4 59. Kf2 Ke7 60. Kg3 Ke6 61. Ng8 Kf5 62. Nh6+ Kxg5 0-1

[Event "France-ch U16"]
[Site "Reims"]
[Date "2004.04.20"]
[Round "4"]
[White "Franck, Boris"]
[Black "L'Huillier, Thibaud"]
[Result "0-1"]
[WhiteElo "2012"]
[BlackElo "2206"]
[PlyCount "78"]
[EventDate "2004.04.??"]
[EventType "swiss"]
[EventRounds "9"]
[EventCountry "FRA"]
[SourceTitle "EXT 2005"]
[Source "ChessBase"]
[SourceDate "2004.11.15"]
[SourceVersion "1"]
[SourceVersionDate "2004.11.15"]
[SourceQuality "1"]

1. e4 c5 2. c3 b6 3. d4 Bb7 4. Bd3 Nf6 5. Qe2 cxd4 6. cxd4 Nc6 7. Nf3 Nb4 8. Nc3 Nxd3+ 9. Qxd3 Qc8 10. a4 g6 11. 0-0 Bg7 12. Bg5 0-0 13. Rac1 Qd8 14. d5 d6 15. Nb5 Ba6 16. Nfd4 Nd7 17. Qe3 Bxb5 18. axb5 Bxd4 19. Qxd4 f6 20. Bh6 Re8 21. f4 a6 22. bxa6 Nc5 23. Qe3 Qd7 24. Rf3 Qa4 25. Re1 Rxa6 26. e5 Raa8 27. h4 f5 28. h5 Ne4 29. hxg6 hxg6 30. e6 Qb4 31. b3 Nf6 32. Rh3 Ng4 33. Qg3 Qd4+ 34. Kf1 Ra2 35. Re2 Rea8 36. Qf3 Ra1+ 37. Re1 Rxe1+ 38. Kxe1 Ra1+ 39. Ke2 Qd1# 0-1

[Event "France-ch U16"]
[Site "Reims"]
[Date "2004.04.18"]
[Round "1"]
[White "L'Huillier, Thibaud"]
[Black "Merieux, Christophe"]
[Result "0-1"]
[WhiteElo "2206"]
[BlackElo "1978"]
[PlyCount "98"]
[EventDate "2004.04.??"]
[EventType "swiss"]
[EventRounds "9"]
[EventCountry "FRA"]
[SourceTitle "EXT 2005"]
[Source "ChessBase"]
[SourceDate "2004.11.15"]
[SourceVersion "1"]
[SourceVersionDate "2004.11.15"]
[SourceQuality "1"]

1. d4 d5 2. c4 e6 3. Nc3 Nf6 4. Nf3 c6 5. e3 Nbd7 6. Bd3 Be7 7. 0-0 0-0 8. Qc2 Re8 9. Ne5 c5 10. cxd5 exd5 11. f4 Nf8 12. Qf2 a6 13. a4 Qc7 14. Kh1 b6 15. Rg1 Bd6 16. Bd2 Bb7 17. Raf1 cxd4 18. exd4 Ne6 19. Be3 Rac8 20. Re1 Qe7 21. Qe2 Ra8 22. g4 Ne4 23. Ref1 f6 24. Bxe4 dxe4 25. Nc4 Bc7 26. d5 Nc5 27. Rg3 Rad8 28. g5 f5 29. Bd4 Bxd5 30. Bf6 Qf7 31. Nxd5 Rxd5 32. Ne3 Rd3 33. Nxf5 Rxg3 34. hxg3 Ne6 35. Re1 Kh8 36. Nh6 Qd7 37. Bc3 Nc5 38. Qh5 Nxa4 39. Nf7+ Kg8 40. Nh6+ gxh6 41. Rd1 Qf7 42. Qg4 h5 43. Qh3 Nxc3 44. bxc3 Rd8 45. Re1 Re8 46. f5 e3 47. g4 Qd5+ 48. Kg1 Qd2 49. Qf1 Qh2# 0-1

[Event "FRA-chT U20 0304"]
[Site "France"]
[Date "2004.??.??"]
[Round "7"]
[White "Cornanguer, Erwan"]
[Black "L'Huillier, Thibaud"]
[Result "0-1"]
[WhiteElo "1820"]
[BlackElo "2196"]
[PlyCount "100"]
[EventDate "2003.11.??"]
[EventType "team"]
[EventRounds "11"]
[EventCountry "FRA"]
[SourceTitle "EXT 2005"]
[Source "ChessBase"]
[SourceDate "2004.11.15"]
[SourceVersion "1"]
[SourceVersionDate "2004.11.15"]
[SourceQuality "1"]
[WhiteTeam "Guingamp"]
[BlackTeam "Creteil"]
[WhiteTeamCountry "FRA"]
[BlackTeamCountry "FRA"]

1. e4 c6 2. d4 d5 3. exd5 cxd5 4. Nc3 Nf6 5. Nf3 Bg4 6. Be2 e6 7. Bf4 Nc6 8. h3 Bh5 9. Ne5 Bxe2 10. Nxe2 Rc8 11. c3 Be7 12. 0-0 0-0 13. Re1 Nxe5 14. Bxe5 b5 15. Qd3 Qb6 16. b4 Rc4 17. f3 Nd7 18. Bg3 Bd6 19. Bf2 Qc7 20. a4 a6 21. axb5 axb5 22. Ra5 Qc6 23. Rea1 Nb6 24. Be1 Ra8 25. Rxa8+ Nxa8 26. Qd2 Nb6 27. Nc1 Na4 28. Ne2 Qc7 29. Ra3 h6 30. Qe3 Be7 31. Bd2 Bd6 32. Be1 Rc6 33. Qd2 Rb6 34. Nc1 Bf4 35. Qc2 Bxc1 36. Qxc1 g5 37. Qe3 Kg7 38. Qd2 Rb8 39. Qe3 Rc8 40. Bd2 Nb2 41. Ra1 Nc4 42. Qd3 Nxd2 43. Qxd2 Qxc3 44. Qxc3 Rxc3 45. Ra5 Rc4 46. Rxb5 Rxd4 47. Kf2 Rd2+ 48. Ke3 Rxg2 49. Rb8 Rb2 50. b5 Kf6 0-1

[Event "FRA-ch Accession"]
[Site "Aix les Bains"]
[Date "2003.08.22"]
[Round "5"]
[White "Soyez, Cyril"]
[Black "L'Huillier, Thibaud"]
[Result "1/2-1/2"]
[WhiteElo "2113"]
[BlackElo "2133"]
[PlyCount "29"]
[EventDate "2003.08.19"]
[EventType "swiss"]
[EventRounds "11"]
[EventCountry "FRA"]
[SourceTitle "EXT 2004"]
[Source "ChessBase"]
[SourceDate "2003.11.25"]
[SourceVersion "1"]
[SourceVersionDate "2003.11.25"]
[SourceQuality "1"]

1. c4 e6 2. g3 d5 3. Bg2 Nf6 4. Nf3 c6 5. b3 g6 6. Bb2 Bg7 7. 0-0 0-0 8. d3 Nbd7 9. Nbd2 Re8 10. Qc2 Qc7 11. e4 dxe4 12. Nxe4 Nxe4 13. dxe4 e5 14. h3 b6 15. Kh2 1/2-1/2

[Event "FRA-ch Accession"]
[Site "Aix les Bains"]
[Date "2003.08.21"]
[Round "1"]
[White "L'Huillier, Thibaud"]
[Black "Monroy, Charles"]
[Result "0-1"]
[WhiteElo "2188"]
[BlackElo "2341"]
[PlyCount "54"]
[EventDate "2003.08.19"]
[EventType "swiss"]
[EventRounds "11"]
[EventCountry "FRA"]
[SourceTitle "EXT 2004"]
[Source "ChessBase"]
[SourceDate "2003.11.25"]
[SourceVersion "1"]
[SourceVersionDate "2003.11.25"]
[SourceQuality "1"]

1. d4 d5 2. c4 Nc6 3. cxd5 Qxd5 4. Nf3 e5 5. Nc3 Bb4 6. a3 Bxc3+ 7. bxc3 Bg4 8. Be3 0-0-0 9. dxe5 Qa5 10. Qb3 Nge7 11. Rb1 b6 12. Ng5 Bh5 13. g3 h6 14. Ne4 Qxe5 15. Bg2 Bg6 16. Bf4 Qa5 17. 0-0 Rhe8 18. e3 Bxe4 19. Bxe4 g5 20. Bxc7 Kxc7 21. Qxf7 Qe5 22. Bg2 Rf8 23. Qc4 Rd2 24. a4 Qf5 25. a5 Qxa5 26. Bxc6 Nxc6 27. Ra1 Rfxf2 0-1

[Event "Agneaux St Lo U18 op"]
[Site "Agneaux"]
[Date "2003.07.12"]
[Round "4"]
[White "L'Huillier, Thibaud"]
[Black "Szabo, Gergely Andras"]
[Result "0-1"]
[WhiteElo "2188"]
[BlackElo "2395"]
[PlyCount "90"]
[EventDate "2003.07.09"]
[EventType "swiss"]
[EventRounds "9"]
[EventCountry "FRA"]
[SourceTitle "CBM 095 Extra"]
[Source "ChessBase"]
[SourceDate "2003.09.04"]
[SourceVersion "1"]
[SourceVersionDate "2003.09.04"]
[SourceQuality "1"]

1. d4 Nf6 2. c4 g6 3. Nc3 Bg7 4. e4 d6 5. Nf3 0-0 6. Be2 e5 7. 0-0 Nc6 8. d5 Ne7 9. b4 c6 10. a4 a5 11. bxa5 c5 12. Ne1 Rxa5 13. Ra3 Nd7 14. Nb5 Ra6 15. Nc2 f5 16. Bg5 Nf6 17. Bxf6 Rxf6 18. f3 f4 19. Ne1 h5 20. Nd3 g5 21. Nf2 Rg6 22. h3 Kh7 23. Qe1 Ng8 24. Qd1 Nh6 25. Re1 Bf6 26. Rf1 Qd7 27. Rc3 Bd8 28. Rd3 Ba5 29. Ra3 Qe7 30. Qc2 Ra8 31. Rfa1 Bd7 32. Rd3 Rag8 33. Qd1 R8g7 34. Raa3 Kg8 35. Ra2 g4 36. fxg4 hxg4 37. Bxg4 Bxg4 38. Nxg4 Nxg4 39. hxg4 Rxg4 40. Rh3 Qg5 41. Qf3 Rg3 42. Rxg3 fxg3 43. Ra3 Qh4 44. Ra2 Qh2+ 45. Kf1 Rf7 0-1

[Event "Agneaux St Lo U18 op"]
[Site "Agneaux"]
[Date "2003.07.10"]
[Round "2"]
[White "L'Huillier, Thibaud"]
[Black "Butkiewicz, Lukasz"]
[Result "1-0"]
[WhiteElo "2188"]
[BlackElo "2073"]
[PlyCount "83"]
[EventDate "2003.07.09"]
[EventType "swiss"]
[EventRounds "9"]
[EventCountry "FRA"]
[SourceTitle "CBM 095 Extra"]
[Source "ChessBase"]
[SourceDate "2003.09.04"]
[SourceVersion "1"]
[SourceVersionDate "2003.09.04"]
[SourceQuality "1"]

1. d4 Nf6 2. c4 g6 3. Nc3 Bg7 4. e4 d6 5. Nf3 0-0 6. Be2 e5 7. 0-0 Nc6 8. d5 Ne7 9. b4 a5 10. bxa5 Rxa5 11. a4 Nd7 12. Ba3 f5 13. Bb4 Ra8 14. Ng5 Nc5 15. f3 h6 16. Bxc5 dxc5 17. Ne6 Bxe6 18. dxe6 Qd4+ 19. Qxd4 exd4 20. Nd5 Nxd5 21. cxd5 d3 22. Bxd3 Bxa1 23. Rxa1 Rfd8 24. Bc4 Kf8 25. e5 Ke7 26. Rb1 b6 27. Ra1 Ra5 28. Ra2 g5 29. Kf2 b5 30. axb5 Rxa2+ 31. Bxa2 Ra8 32. Bc4 Rb8 33. g4 fxg4 34. fxg4 Kf8 35. Ke3 Ra8 36. d6 cxd6 37. exd6 Ra1 38. e7+ Ke8 39. Bd5 Re1+ 40. Kf2 Re5 41. Bc6+ Kf7 42. b6 1-0

[Event "FRA-chT U20 0203"]
[Site "Clichy"]
[Date "2003.05.04"]
[Round "11.3"]
[White "Sochacki, Wojtek"]
[Black "L'Huillier, Thibaud"]
[Result "0-1"]
[WhiteElo "1650"]
[BlackElo "2174"]
[PlyCount "76"]
[EventDate "2002.12.??"]
[EventType "team"]
[EventRounds "11"]
[EventCountry "FRA"]
[SourceTitle "EXT 2004"]
[Source "ChessBase"]
[SourceDate "2003.11.25"]
[SourceVersion "1"]
[SourceVersionDate "2003.11.25"]
[SourceQuality "1"]
[WhiteTeam "AECE"]
[BlackTeam "Creteil"]
[WhiteTeamCountry "FRA"]
[BlackTeamCountry "FRA"]

1. f4 d5 2. b3 c5 3. Bb2 Nc6 4. Nf3 Nf6 5. e3 Bg4 6. Be2 e6 7. 0-0 Bd6 8. Qe1 Bxf3 9. Bxf3 Qc7 10. Qg3 Bf8 11. d3 0-0-0 12. Nd2 h6 13. a3 Be7 14. Rad1 Rdg8 15. e4 d4 16. Bc1 g5 17. Nc4 b5 18. Nb2 gxf4 19. Qxf4 Rg6 20. Qxc7+ Kxc7 21. Bf4+ e5 22. Bg3 Rhg8 23. Rd2 Kd6 24. Rdf2 Nd8 25. Bh4 Ne6 26. Bxf6 Rxf6 27. Bh5 Nf4 28. Bf3 Nh3+ 29. Kh1 Nxf2+ 30. Rxf2 Rfg6 31. Bh5 R6g7 32. a4 a6 33. g3 Bg5 34. Rf3 Ke7 35. axb5 axb5 36. Nd1 Ra8 37. c4 Ra1 38. Kg2 Rxd1 0-1

[Event "FRA-chT U20 0203"]
[Site "Clichy"]
[Date "2003.05.03"]
[Round "10.3"]
[White "L'Huillier, Thibaud"]
[Black "Pottier, Alexandre"]
[Result "0-1"]
[WhiteElo "2174"]
[BlackElo "1820"]
[PlyCount "82"]
[EventDate "2002.12.??"]
[EventType "team"]
[EventRounds "11"]
[EventCountry "FRA"]
[SourceTitle "EXT 2004"]
[Source "ChessBase"]
[SourceDate "2003.11.25"]
[SourceVersion "1"]
[SourceVersionDate "2003.11.25"]
[SourceQuality "1"]
[WhiteTeam "Creteil"]
[BlackTeam "Paris NAO"]
[WhiteTeamCountry "FRA"]
[BlackTeamCountry "FRA"]

1. d4 Na6 2. e4 c6 3. Nf3 Nc7 4. Bd3 d6 5. c3 g6 6. Be3 Bg7 7. Qd2 Nf6 8. Bh6 0-0 9. Bxg7 Kxg7 10. Na3 b5 11. 0-0 Bg4 12. e5 Nd7 13. exd6 exd6 14. Qf4 Nf6 15. Nd2 Ncd5 16. Qg3 a6 17. Ne4 Bf5 18. Nxf6 Bxd3 19. Nh5+ Kh8 20. Qxd3 gxh5 21. Nc2 Qg5 22. Qg3 Qg6 23. Ne3 Qxg3 24. hxg3 Nxe3 25. fxe3 Rae8 26. Rae1 f5 27. Rf4 d5 28. Kf2 Re4 29. Rh1 Kg7 30. Rxh5 Kg6 31. Rh1 Rfe8 32. Re1 Kg5 33. Rf3 h5 34. Ke2 a5 35. a4 Ra8 36. Ra1 Re7 37. Kd3 Rb7 38. Ra2 bxa4 39. Kc2 Rab8 40. Kc1 Rb3 41. Rf2 a3 0-1

[Event "FRA-chT U20 0203"]
[Site "Clichy"]
[Date "2003.01.03"]
[Round "4.4"]
[White "L'Huillier, Thibaud"]
[Black "Barre, Yann"]
[Result "1/2-1/2"]
[WhiteElo "2021"]
[BlackElo "1720"]
[PlyCount "47"]
[EventDate "2002.12.??"]
[EventType "team"]
[EventRounds "11"]
[EventCountry "FRA"]
[SourceTitle "EXT 2004"]
[Source "ChessBase"]
[SourceDate "2003.11.25"]
[SourceVersion "1"]
[SourceVersionDate "2003.11.25"]
[SourceQuality "1"]
[WhiteTeam "Creteil"]
[BlackTeam "Mulhouse"]
[WhiteTeamCountry "FRA"]
[BlackTeamCountry "FRA"]

1. d4 Nf6 2. Nf3 c5 3. d5 d6 4. c4 g6 5. b3 Bg7 6. Bb2 0-0 7. Nbd2 e6 8. dxe6 Bxe6 9. g3 Nc6 10. Bg2 Re8 11. 0-0 Qe7 12. Re1 Rad8 13. Qc1 Qd7 14. Ng5 Qe7 15. Nxe6 Qxe6 16. a3 Rc8 17. e4 Ne5 18. Qc2 a6 19. Nf3 Nxf3+ 20. Bxf3 Nd7 21. Bg2 Bxb2 22. Qxb2 Ne5 23. Rad1 f6 24. Rd5 1/2-1/2

[Event "FRA-ch op-A"]
[Site "Val d'Isere"]
[Date "2002.08.??"]
[Round "5.2"]
[White "Guez, Fabien"]
[Black "L'Huillier, Thibaud"]
[Result "1/2-1/2"]
[WhiteElo "2117"]
[BlackElo "2020"]
[PlyCount "72"]
[EventDate "2002.08.20"]
[EventType "swiss"]
[EventRounds "11"]
[EventCountry "FRA"]
[SourceTitle "EXT 2003"]
[Source "ChessBase"]
[SourceDate "2002.11.25"]
[SourceVersion "1"]
[SourceVersionDate "2002.11.25"]
[SourceQuality "1"]

1. e4 c6 2. d4 d5 3. exd5 cxd5 4. c4 g6 5. cxd5 Nf6 6. Qa4+ Nbd7 7. Nc3 Bg7 8. Be2 0-0 9. Bf3 Nb6 10. Qb3 Bf5 11. a4 a5 12. Nge2 Bd3 13. d6 exd6 14. Bxb7 Rb8 15. Bf3 Re8 16. Qd1 Bc4 17. 0-0 Nfd5 18. Nxd5 Nxd5 19. Re1 Nb4 20. b3 Bd3 21. Ba3 Bc2 22. Qd2 Bxb3 23. Bxb4 Rxb4 24. Reb1 Rxa4 25. Rxa4 Bxa4 26. Ra1 Bb5 27. Nc3 Bc4 28. Ne4 Bd5 29. Ng5 Bxf3 30. Nxf3 Qb6 31. h3 Ra8 32. Qf4 a4 33. Ng5 Ra7 34. Rxa4 h6 35. Rxa7 Qxa7 36. Nf3 Qe7 1/2-1/2